[Event "GER GM08-A email"]
[Site "GER email"]
[Date "2019.06.19"]
[Round "?"]
[White "Korze, Danilo"]
[Black "Oliveira, Joao"]
[Result "1/2-1/2"]
[WhiteElo "2567"]
[BlackElo "2586"]
[PlyCount "84"]
[EventDate "2019.??.??"]
[EventType "tourn (corr)"]
[EventRounds "13"]
[EventCountry "GER"]
[SourceTitle "Corr 2022"]
[Source "ChessBase"]
[SourceDate "2021.10.24"]
[SourceVersion "1"]
[SourceVersionDate "2021.10.24"]
[SourceQuality "1"]

1. e4 c6 2. d4 d5 3. e5 Bf5 4. Nf3 e6 5. Be2 c5 6. Be3 cxd4 7. Nxd4 Ne7 8. Nd2 Nbc6 9. N2f3 a6 10. 0-0 Rc8 11. Rc1 Be4 12. c3 h6 13. Nd2 Bh7 14. f4 Nxd4 15. Bxd4 Nc6 16. Qb3 Qd7 17. Bb6 Be7 18. Qd1 0-0 19. Nb3 Nb8 20. Qd4 Qc6 21. Qf2 Nd7 22. Be3 Qc7 23. Kh1 b5 24. a3 Be4 25. Nd2 Bf5 26. Nb3 f6 27. exf6 Rxf6 28. Bf3 Bd6 29. Qd2 Kh8 30. Rce1 Rcf8 31. g3 e5 32. Bxd5 exf4 33. Bd4 Rg6 34. gxf4 Rg4 35. Bg2 Rxf4 36. Rxf4 Bxf4 37. Qd1 Qd8 38. Nd2 Nf6 39. Nf3 Nh5 40. Ne5 Qh4 41. Nf3 Qd8 42. Ne5 Qh4 1/2-1/2

[Event "GER GM08-A email"]
[Site "GER email"]
[Date "2019.06.19"]
[Round "?"]
[White "Oliveira, Joao"]
[Black "Fleetwood, Daniel M"]
[Result "1/2-1/2"]
[WhiteElo "2586"]
[BlackElo "2581"]
[PlyCount "83"]
[EventDate "2019.??.??"]
[EventType "tourn (corr)"]
[EventRounds "13"]
[EventCountry "GER"]
[SourceTitle "Corr 2022"]
[Source "ChessBase"]
[SourceDate "2021.10.24"]
[SourceVersion "1"]
[SourceVersionDate "2021.10.24"]
[SourceQuality "1"]

1. d4 d5 2. c4 dxc4 3. Nf3 Nf6 4. e3 e6 5. Bxc4 c5 6. 0-0 a6 7. a4 cxd4 8. exd4 Nc6 9. Nc3 Be7 10. d5 exd5 11. Nxd5 Nxd5 12. Bxd5 0-0 13. Qb3 Bf5 14. Bd2 Bf6 15. h3 h6 16. Rfd1 Na5 17. Qa2 Qb6 18. b4 Nc6 19. a5 Qc7 20. Rac1 Rfe8 21. Be3 Be6 22. Bxe6 Rxe6 23. Nd4 Bxd4 24. Bxd4 Qf4 25. Bc5 Nxb4 26. Qb3 Nc6 27. Qxb7 Rb8 28. Qxa6 Rg6 29. Qf1 Nxa5 30. g3 Qe4 31. Be3 Rc6 32. Kh2 Nc4 33. Qd3 Qe6 34. Bf4 Rbc8 35. Re1 Qf6 36. Re4 Ne5 37. Rxc6 Nxc6 38. Rc4 Re8 39. g4 Ne5 40. Qe2 g5 41. Bxe5 Rxe5 42. Qb2 1/2-1/2

[Event "GER GM06-B email"]
[Site "GER email"]
[Date "2017.06.26"]
[Round "?"]
[White "Oliveira, Joao"]
[Black "Dunlop, Gordon"]
[Result "1/2-1/2"]
[WhiteElo "2573"]
[BlackElo "2511"]
[PlyCount "180"]
[EventDate "2017.??.??"]
[EventType "tourn (corr)"]
[EventRounds "13"]
[EventCountry "GER"]
[SourceTitle "Corr 2022"]
[Source "ChessBase"]
[SourceDate "2021.10.24"]
[SourceVersion "1"]
[SourceVersionDate "2021.10.24"]
[SourceQuality "1"]

1. Nf3 Nf6 2. c4 e6 3. g3 d5 4. Bg2 Be7 5. 0-0 0-0 6. d4 dxc4 7. Ne5 c5 8. dxc5 Qc7 9. Nxc4 Qxc5 10. Nbd2 Rd8 11. b3 Qc7 12. Bb2 Nc6 13. Rc1 Bd7 14. a3 Rac8 15. b4 Be8 16. e3 b5 17. Na5 Qb6 18. Nab3 Nd5 19. Qe2 Bf8 20. Qg4 h6 21. Rfd1 Nde7 22. h3 a6 23. Ne4 Ng6 24. Qe2 Nge5 25. Rxd8 Qxd8 26. Nec5 Nc4 27. Nxa6 Ra8 28. Nac5 Ra7 29. Nd4 Nxd4 30. exd4 Qd6 31. h4 Qd8 32. Rd1 Qc8 33. Rc1 Bc6 34. Bxc6 Qxc6 35. a4 Nxb2 36. axb5 Qb6 37. Qxb2 Qxb5 38. Qc3 Qb8 39. Qc4 Rc7 40. Ra1 Rc8 41. Ra6 Qb7 42. b5 Qe4 43. Ra4 Qf5 44. Ra1 Rb8 45. Rc1 Be7 46. Qb4 e5 47. Re1 e4 48. Re3 Qd5 49. b6 g6 50. Qb2 Qc6 51. Rb3 h5 52. b7 Bxc5 53. dxc5 Qxc5 54. Qe2 Qc6 55. Qb5 Qe6 56. Kg2 Qe7 57. Qc4 Kg7 58. Qc8 e3 59. fxe3 Qd6 60. Qc3+ Kh7 61. e4 Qe6 62. Rb4 Qa6 63. Qb2 Qc6 64. Qb3 Kg7 65. Kf3 Qf6+ 66. Kg2 Qe7 67. Qb2+ Kg8 68. e5 Qc5 69. Rb6 Qd5+ 70. Kh2 Kh7 71. Rb3 Qc4 72. Rb6 Qc7 73. Qb3 Qe7 74. Qd5 Qc7 75. Rb2 Kg7 76. Qe4 Kh7 77. Kg2 Kg7 78. Kh3 Kh7 79. Qd5 Kg7 80. Rb3 Qc1 81. Qe4 Qf1+ 82. Kh2 Qf2+ 83. Qg2 Qf5 84. Qe2 Qe6 85. Rb2 Kh7 86. Qe3 Qd5 87. Qb3 Qd7 88. Qb4 Kg7 89. Qe4 Kh7 90. Qb4 Kg7 1/2-1/2